| 000 | 00867cas a2200289 a 4500 | ||
|---|---|---|---|
| 008 | 891016u1966uuuutu ar 0 0tur | ||
| 010 | _a 89650522 | ||
| 040 |
_aDLC _beng _cDLC _dOCoLC |
||
| 041 | 0 | _atureng | |
| 043 | _aa-tu--- | ||
| 050 | 0 | 0 |
_aPN1997.8 _b.S58 |
| 092 | 0 | 4 |
_a791.43750956105 _bS6169 _221 |
| 099 |
_a04 _a791.43750956105 S6169 |
||
| 222 | 0 | _aSinema yilligi | |
| 245 | 0 | 0 | _aSinema yilligi |
| 260 |
_a[çIstanbul?] : _bA.D.O. Yayņlar,̧ _c[1966?- |
||
| 300 |
_av. : _bill. ; _c20 cm. |
||
| 310 | _aAnnual | ||
| 362 | 0 | _a1965/1966- | |
| 500 | _aTitle from cover. | ||
| 546 | _aChiefly in Turkish; includes plot summaries in English. | ||
| 650 | 0 |
_aMotion pictures _zTurkey _xPlots, themes, etc. _vPeriodicals. |
|
| 905 |
_aJamal _eCat. |
||
| 905 | _eRev. | ||
| 942 |
_2ddc _cBK |
||
| 999 |
_c134785 _d134785 |
||